Normal view
MARC view
Entry Personal Name
001 - CONTROL NUMBER
- control field: 28641
003 - CONTROL NUMBER IDENTIFIER
- control field: OSt
005 - DATE AND TIME OF LATEST TRANSACTION
- control field: 20160106132342.0
008 - FIXED-LENGTH DATA ELEMENTS
- fixed length control field: 160106|| aca||aabn | a|a d
040 ## - CATALOGING SOURCE
- Original cataloging agency: OSt
- Transcribing agency: OSt
100 ## - HEADING--PERSONAL NAME
- Personal name: Thackeray, W.M.
670 ## - SOURCE DATA FOUND
- Source citation: Work cat.: (OSt)37729: Thackeray, W.M., The Virginians, 1859









